El mundo de hoy (Registro nro. 164526)
[ vista simple ]
| 000 -ENCABEZADO | |
|---|---|
| Número de control [NR] | 01011nam a22002657a 4500 |
| 008 - DE LONGITUD FIJA DE DATOS DE ELEMENTOS - INFORMACIÓN GENERAL | |
| Elementos de longitud fija [NR] | 130821s2012 sp gr spa |
| 020 ## - NUMERO INTERNACIONAL NORMALIZADO PARA LIBROS [R] | |
| Número Internacional Normalizado del libro [NR] | 9788433973375 |
| 040 ## - FUENTE DE CATALOGACION [NR] | |
| Quien Cataloga | |
| Quien Clasifica | |
| 041 00 - CODIGO DE IDIOMA [R] | |
| Código de idioma para texto/pista de sonido o título separado [R] | Español |
| 100 1# - ASIENTO PRINCIPAL--NOMBRE PERSONAL [NR] | |
| Nombre personal [NR] | Kapúscinski, Ryszard |
| Fechas asociadas con el nombre [NR] | 1932-2007 |
| ID Autoridad | 27921 |
| 245 13 - MENCION DE TITULO [NR] | |
| Título [NR] | El mundo de hoy |
| Mención de responsabilidad, etc. [NR] | Ryszard Kapuscinski ; edición, introducción y traducción de Agata Orzeszek |
| 246 03 - FORMA VARIANTE DEL TITULO [R] | |
| Título propiamente dicho/forma breve del título [NR] | El mundo de hoy |
| Parte restante del título [NR] | autoretrato de un reportero |
| 250 ## - MENCION DE EDICION [NR] | |
| Mención de edición [NR] | 3a ed |
| 260 ## - PUBLICACION, DISTRIBUCION, ETC. (PIE DE IMPRENTA) [R] | |
| Lugar de publicación, distribución, etc. [R] | Barcelona (España) |
| Nombre del editor, distribuidor, etc. [R] | Editorial Anagrama |
| Fecha de publicación, distribución, etc. [R] | 2012 |
| 300 ## - DESCRIPCION FISICA [R] | |
| Extensión [R] | 236 páginas |
| 490 0# - MENCION DE SERIE [R] | |
| Mención de serie [R] | Colección Compactos |
| 504 ## - NOTA DE BIBLIOGRAFIA, ETC. [R] | |
| Nota de bibliografía, etc. [NR] | Incluye referencias bibliográficas |
| 600 14 - ASIENTO SECUNDARIO DE MATERIA - NOMBRE PERSONAL [R] | |
| Nombre personal [NR] | Kapuscinski, Ryszard |
| Fechas asociadas con el nombre [NR] | 1932-2007 |
| Subdivisión de forma [R] | Colecciones de escritos |
| 9 (RLIN) | 27922 |
| 600 14 - ASIENTO SECUNDARIO DE MATERIA - NOMBRE PERSONAL [R] | |
| Nombre personal [NR] | Kapuscinski, Ryszard |
| Fechas asociadas con el nombre [NR] | 1932-2007 |
| Subdivisión de forma [R] | Ensayos, conferencias, etc. |
| 9 (RLIN) | 27923 |
| 650 ## - ASIENTO SECUNDARIO DE MATERIA - TERMINO TEMATICO [R] | |
| Término temático o nombre geográfico como elemento de entrada [NR] | Comunicación |
| 9 (RLIN) | 137 |
| 650 #7 - ASIENTO SECUNDARIO DE MATERIA - TERMINO TEMATICO [R] | |
| Término temático o nombre geográfico como elemento de entrada [NR] | Periodismo |
| 9 (RLIN) | 21340 |
| 700 1# - ASIENTO SECUNDARIO - NOMBRE PERSONAL [R] | |
| Nombre personal [NR] | Orzeszek, Agata |
| 9 (RLIN) | 27924 |
| Término de relación [R] | traductor |
| 942 ## - ELEMENTOS DE ENTRADA AGREGADOS (KOHA) | |
| Tipo de ítem principal el descrito en 300a | Libro |
| Tema principal | Comunicación |
| Edición | 3 |
| Parte restante de la signatura top. | K179m |
| Sistema de clasificación | DEWEY |
| Clasificación | 070.92 |
| Fecha de último préstamo | Total préstamos | Total Renewals | Signatura topográfica | Código de barras | Última vez visto | Volúmen / Fascículo | Ejemplar | Price effective from | Tipo de ítem | Perdido | Sistema de clasificación | Dañado | No prestable | Tipo de ítem específico | Suprimido | Ubicación habitual | Ubicación actual | Localización | Fecha de creación | Forma de adquisición | Costo |
|---|---|---|---|---|---|---|---|---|---|---|---|---|---|---|---|---|---|---|---|---|---|
| 04/09/2018 | 12 | 11 | 070.92 K179m | 100131034 | 05/12/2025 | 3a.Ed. | Ej.1 | 11/02/2013 | Libro | DEWEY | Libro | Claustro | Claustro | 2do piso | 11/02/2013 | Compra | 43920.00 |